000 00596nam a22001937a 4500
005 20251108173137.0
008 250721s2002 xx 000 0 ara d
082 1 4 _aط/590.13/حيو
100 1 _aفلينت، ف
245 1 0 _aحيوانات المناطق الإستوائية /
264 1 _aدمشق :
_bدار الغد الإنساني،
_c2002.
300 _a16)ص.
650 1 7 _aالحيوانات
650 1 7 _aالمناطق الحارة
653 _aمرحلة متوسطة (6-9 سنوات )
700 1 _aأبو الحسن، محمود
942 _2ddc
_cBK
999 _c97066
_d97066